| 000 | 00675nam a2200181 a 4500 | ||
|---|---|---|---|
| 003 | OSt | ||
| 005 | 20240227093629.0 | ||
| 008 | 180226t2003 pk | |||| 000 0 urd d | ||
| 040 | _c0 | ||
| 082 |
_a891.4339 _bJAM 2003 |
||
| 100 | 1 |
_aجميل احمد _946965 |
|
| 245 | 1 | 0 |
_aمادرملّت محترمہ فاطمہ جناح: _bتقارير،پيغات اوربيانات _cJameel Ahmad |
| 246 |
_aMadar E Millat Muhtarma Fatima Jinnah: _bTaqareer,Feghamat Aur bayanat |
||
| 260 |
_aLahore: _bSang e Meel Pub; _c2003. |
||
| 300 | _a527 p. | ||
| 942 |
_2ddc _cBK _aSADA _k891.4339 JAM 2003 |
||
| 999 |
_c608279 _d608279 |
||